00266nam a22001097a 4500020001800000082001400018100002300032245003000055260004000085300000800125650002300133 a9780061905810 a297.1 NAS aNasr, Syyed Hossin aIslam in The Modern World aNYbHarper Collins Publishersc2010 a472 aIslam 20th Century